| 000 | 00371nam a2200145Ia 4500 | ||
|---|---|---|---|
| 008 | 210210b1986 xxu||||| |||| 00| 0 eng d | ||
| 082 | _a358.4 CADE | ||
| 100 | _a- | ||
| 245 | _aCadet's hand book air wing. | ||
| 260 |
_aND _bDirectorate general, National cadet crops _c1986 |
||
| 300 | _a279 | ||
| 650 | _aAirwing cadets | ||
| 690 | _aDefence Entrance | ||
| 906 | _a039718 | ||
| 999 |
_c89557 _d89557 |
||